<?xml version="1.0" encoding="UTF-8"?><?xml-stylesheet type="text/xsl" href="static/style.xsl"?><OAI-PMH xmlns="http://www.openarchives.org/OAI/2.0/" xmlns:xsi="http://www.w3.org/2001/XMLSchema-instance" xsi:schemaLocation="http://www.openarchives.org/OAI/2.0/ http://www.openarchives.org/OAI/2.0/OAI-PMH.xsd"><responseDate>2026-04-17T16:07:27Z</responseDate><request verb="GetRecord" identifier="oai:www.recercat.cat:10459.1/59102" metadataPrefix="marc">https://recercat.cat/oai/request</request><GetRecord><record><header><identifier>oai:recercat.cat:10459.1/59102</identifier><datestamp>2024-12-05T22:38:25Z</datestamp><setSpec>com_2072_3622</setSpec><setSpec>col_2072_479130</setSpec></header><metadata><record xmlns="http://www.loc.gov/MARC21/slim" xmlns:dcterms="http://purl.org/dc/terms/" xmlns:xsi="http://www.w3.org/2001/XMLSchema-instance" xmlns:doc="http://www.lyncode.com/xoai" xsi:schemaLocation="http://www.loc.gov/MARC21/slim http://www.loc.gov/standards/marcxml/schema/MARC21slim.xsd">
   <leader>00925njm 22002777a 4500</leader>
   <datafield ind2=" " ind1=" " tag="042">
      <subfield code="a">dc</subfield>
   </datafield>
   <datafield ind2=" " ind1=" " tag="720">
      <subfield code="a">Capdevila i Capdevila, Joaquim</subfield>
      <subfield code="e">author</subfield>
   </datafield>
   <datafield ind2=" " ind1=" " tag="260">
      <subfield code="c">2017-01-24T19:35:53Z</subfield>
   </datafield>
   <datafield ind2=" " ind1=" " tag="260">
      <subfield code="c">2017-01-24T19:35:53Z</subfield>
   </datafield>
   <datafield ind2=" " ind1=" " tag="260">
      <subfield code="c">2009</subfield>
   </datafield>
   <datafield ind2=" " ind1=" " tag="520">
      <subfield code="a">Durante la primera parte de este artículo incidimos en la conflictividad que acerca de la propiedad de la tierra –&#xd;
de la infranqueabilidad de sus límites y de la exclusividad de sus frutos – provoca un nuevo individualismo campesino&#xd;
protocapitalista, y unas nuevas concepciones correlativas de la propiedad rural; aportamos y estudiamos&#xd;
en este sentido dos episodios acaecidos en Maldà durante las décadas de los setenta y ochenta del siglo XVIII, y&#xd;
desarrollamos un razonamiento teórico alrededor de los fundamentos antropológicos de este exclusivismo payés.&#xd;
A continuación, presentamos una panorámica evolutiva de los instrumentos legales que desde la segunda mitad&#xd;
del siglo XVIII hasta las primeras décadas del siglo XX se han utilizado para reprimir los abusos contra la propiedad&#xd;
rural. Constatamos, en este orden, el asentamiento y la intensificación que durante las últimas décadas del diecinueve&#xd;
y durante la Restauración especialmente, se produce de las prácticas de multas, bandos y guardería rural,&#xd;
de modo correlativo al desarrollo y consolidación que experimenta el municipio liberal durante este período. Centrados&#xd;
en esta etapa, y estudiadas las disposiciones de persecución y represión de las faltas contra la propiedad&#xd;
rural en cuatro municipios del área noroccidental catalana – Tárrega, Ciutadilla, Sant Martí de Maldà y Barbens –&#xd;
nos damos cuenta de que la productividad de los mencionados mecanismos ( multas, bandos y guardería ) deviene&#xd;
especialmente intensa en Tárrega, un municipio donde el Ayuntamiento no arrienda las hierbas del término municipal,&#xd;
dejando esta prerrogativa a voluntad de los propietarios.</subfield>
   </datafield>
   <datafield ind1="8" ind2=" " tag="024">
      <subfield code="a">http://hdl.handle.net/10459.1/59102</subfield>
   </datafield>
   <datafield tag="653" ind2=" " ind1=" ">
      <subfield code="a">Vida rural</subfield>
   </datafield>
   <datafield tag="653" ind2=" " ind1=" ">
      <subfield code="a">Pagesos</subfield>
   </datafield>
   <datafield tag="653" ind2=" " ind1=" ">
      <subfield code="a">Multes</subfield>
   </datafield>
   <datafield tag="653" ind2=" " ind1=" ">
      <subfield code="a">Història</subfield>
   </datafield>
   <datafield ind2="0" ind1="0" tag="245">
      <subfield code="a">Preservació de la propietat rural i conflictivitat local: aportació historiogràfica i antropològica a l'estudi del fenomen. Segles XVIII-XX</subfield>
   </datafield>
</record></metadata></record></GetRecord></OAI-PMH>